UEFA U17 European Championship Host Cities 1982-2024 - Statistics

General Stats
  • This quiz has been taken 8 times
  • The average score is 23 of 408
Answer Stats
Edition City % Correct
Switzerland 1991 Baar
57%
Scotland 1998 Glasgow
57%
Turkey 1993 Istanbul
57%
Denmark 1989 Aarhus
43%
Greece 1986 Athens
43%
Serbia 2011 Belgrade
43%
Switzerland 1991 Bern
43%
Hungary 1985 | Hungary 2023 Budapest
43%
Denmark 2002 Copenhagen
43%
Ireland 1994 Cork
43%
Ireland 1994 | Ireland 2019 Dublin
43%
Israel 2000 Haifa
43%
Germany 1997 Hanover
43%
Israel 2000 Jerusalem
43%
Luxembourg 2006 Luxembourg City
43%
France 1987 Paris
43%
Liechtenstein 2010 Vaduz
43%
Turkey 2008 Antalya
29%
England 2001 Barnsley
29%
Spain 1988 Bilbao
29%
Belgium 1995 Brussels
29%
Turkey 1993 Bursa
29%
England 2001 Darlington
29%
England 2001 Huddersfield
29%
England 2001 Hull
29%
Germany 1997 Kiel
29%
England 2001 Leeds
29%
France 1987 Le Mans
29%
Cyprus 1992 | Cyprus 2024 Limassol
29%
Slovenia 2012 Ljubljana
29%
Spain 1988 Madrid
29%
Slovenia 2012 Maribor
29%
England 2001 Middlesbrough
29%
England 2001 Newcastle
29%
Cyprus 1992 Nicosia
29%
Serbia 2011 Novi Sad
29%
France 1987 Orleans
29%
Greece 1986 Piraeus
29%
France 1987 Rouen
29%
England 2001 Scunthorpe
29%
England 2001 Sheffield
29%
England 2001 Sunderland
29%
Greece 1986 Thessaloniki
29%
Austria 1996 Vienna
29%
Ireland 2019 Waterford
29%
England 2001 York
29%
Spain 1988 Alicante
14%
Azerbaijan 2016 Baku
14%
Israel 2000 Be'er Sheva
14%
Spain 1988 Benidorm
14%
England 2001 Billingham
14%
Germany 1997 Bremen
14%
England 2018 Burton
14%
England 2018 Chesterfield
14%
Ireland 1994 Cobh
14%
Hungary 2023 Debrecen
14%
England 2001 Durham
14%
Spain 1988 Elche
14%
Spain 1988 Getafe
14%
England 2001 Grimsby
14%
England 2001 Halifax
14%
Germany 1997 Hamburg
14%
England 2001 Harrogate
14%
Greece 1986 Heraklion
14%
Scotland 1998 Inverness
14%
Germany 2009 Jena
14%
Cyprus 1992 | Cyprus 2024 Larnaca
14%
Ireland 1994 Limerick
14%
France 1987 Luce
14%
Denmark 2002 Lyngby
14%
Germany 2009 Magdeburg
14%
Spain 1988 Malaga
14%
Scotland 1998 Motherwell
14%
France 1987 Mulhouse
14%
Israel 2022 Netanya
14%
Denmark 1989 Odense
14%
Czech Republic 1999 Olomouc
14%
Cyprus 1992 Paphos
14%
Scotland 1998 Perth
14%
France 1987 Reims
14%
Croatia 2017 Rijeka
14%
England 2018 Rotherham
14%
Switzerland 1991 St. Gallen
14%
Scotland 1998 Stirling
14%
France 1987 | France 2004 Tours
14%
Turkey 1993 Yalova
14%
Croatia 2017 Zagreb
14%
Slovakia 2013 Zilina
14%
Denmark 1989 Aabenraa
0%
Belgium 1995 Aalter
0%
Switzerland 1991 Aarau
0%
Cyprus 2024 Achna
0%
Spain 1988 Almendralejo
0%
France 2004 Amboise
0%
Austria 1996 Amstetten
0%
France 1987 Angers
0%
Spain 1988 Antequera
0%
East Germany 1990 Apolda
0%
Austria 1996 Ardagger
0%
East Germany 1990 Arnstadt
0%
Israel 2000 Ashdod
0%
Israel 2000 Ashkelon
0%
Austria 1996 Atzenbrugg
0%
France 2004 Avoine
0%
Cyprus 1992 Ayia Napa
0%
Spain 1988 Badajoz
0%
Switzerland 1991 Baden
0%
Austria 1996 Baden bei Wien
0%
East Germany 1990 Bad Langensalza
0%
East Germany 1990 Bad Lobenstein
0%
East Germany 1990 Bad Salzungen
0%
Austria 1996 Bad Voslau
0%
Hungary 2023 Balmazujvaros
0%
Spain 1988 Barakaldo
0%
Germany 1997 Barsinghausen
0%
Spain 1988 Basauri
0%
Israel 2000 Bat Yam
0%
Israel 2000 Beit Shean
0%
Spain 1988 Benalmadena
0%
Germany 1997 Blankenburg
0%
Czech Republic 1999 Blansko
0%
France 1987 | France 2004 Blois
0%
West Germany 1984 Boblingen
0%
Denmark 1989 Brande
0%
Germany 1997 Braunschweig
0%
Ireland 2019 Bray
0%
Germany 1997 Buckeburg
0%
Hungary 2023 Budaors
0%
Switzerland 1991 Bulle
0%
Bulgaria 2015 Burgas
0%
Spain 1988 Caceres
0%
Italy 2005 Cascina
0%
Italy 2005 Castelfranco di Sotto
0%
Germany 1997 Celle
0%
Greece 1986 Chania
0%
France 2004 Chateauroux
0%
France 1987 Chaumont
0%
Portugal 2003 Chaves
0%
France 1987 Compiegne
0%
Scotland 1998 Cumbernauld
0%
Belgium 1995 Deinze
0%
Germany 2009 Dessau-Roblau
0%
Cyprus 1992 Dherynia
0%
Scotland 1998 Dingwall
0%
Slovenia 2012 Domzale
0%
Spain 1988 Don Benito
0%
Czech Republic 1999 Drnovice
0%
Ireland 1994 Drogheda
0%
Slovakia 2013 Dubnica nad Vahom
0%
Luxembourg 2006 Dudelange
0%
Ireland 1994 Dundalk
0%
Belgium 1995 Eernegem
0%
Germany 1997 Einbeck
0%
Belgium 1995 Eisden
0%
East Germany 1990 Eisenach
0%
Spain 1988 Elda
0%
East Germany 1990 Elsterberg
0%
Switzerland 1991 Entlebuch
0%
France 1987 Epinal
0%
East Germany 1990 | Germany 2009 Erfurt
0%
Liechtenstein 2010 Eschen
0%
Luxembourg 2006 Ettelbruck
0%
Belgium 1995 | Belgium 2007 Eupen
0%
France 1987 Evreux
0%
Italy 1982 Falconara
0%
Denmark 2002 Farum
0%
Hungary 2023 Felcsut
0%
Switzerland 1991 Frauenfeld
0%
Denmark 1989 Fredericia
0%
Belgium 1995 Geel
0%
East Germany 1990 | Germany 2009 Gera
0%
Spain 1988 Getxo
0%
Denmark 2002 Gladsaxe
0%
Austria 1996 Gloggnitz
0%
Austria 1996 Gmund
0%
Germany 1997 Goslar
0%
Germany 2009 Gotha
0%
Luxembourg 2006 Grevenmacher
0%
Germany 2009 Grimma
0%
Hungary 1985 Gyor
0%
Germany 1997 Hamelin
0%
Belgium 1995 Handzame
0%
Belgium 1995 Hasselt
0%
Denmark 1989 Hedensted
0%
West Germany 1984 Heilbronn
0%
East Germany 1990 Heiligenstadt
0%
Denmark 2002 Herfolge
0%
Israel 2000 Herzliya
0%
Austria 1996 Herzogenburg
0%
Luxembourg 2006 Hesperange
0%
Germany 1997 Hettstedt
0%
Germany 1997 Hildesheim
0%
Switzerland 1991 Hochdorf
0%
Hungary 1985 Hodmezovasarhely
0%
Denmark 1989 Holstebro
0%
Austria 1996 Horn
0%
Denmark 1989 Horsens
0%
Denmark 2002 Hvidovre
0%
East Germany 1990 Ilmenau
0%
Israel 2000 Ilut
0%
Serbia 2011 Indija
0%
Turkey 1993 Inegol
0%
Hungary 1985 Jaszbereny
0%
Czech Republic 1999 Jihlava
0%
Hungary 1985 Kapuvar
0%
Hungary 1985 Karcag
0%
Hungary 1985 Keszthely
0%
Israel 2000 Kfar Saba
0%
Austria 1996 Kirchschlag in der Buckligen Welt
0%
Denmark 2002 Koge
0%
Denmark 1989 Kolding
0%
East Germany 1990 Kolleda
0%
Croatia 2017 Kostrena
0%
Austria 1996 Kottingbrunn
0%
Austria 1996 Krems an der Donau
0%
Switzerland 1991 Kreuzlingen
0%
Hungary 1985 Kunhegyes
0%
Czech Republic 1999 Kunovice
0%
Switzerland 1991 Kusnacht
0%
Czech Republic 1999 Kyjov
0%
Switzerland 1991 Langenthal
0%
Denmark 1989 Langeskov
0%
Czech Republic 1999 Lanzhot
0%
Greece 1986 Larissa
0%
Germany 1997 Lehrte
0%
East Germany 1990 Leinefelde
0%
Slovenia 2012 Lendava
0%
Switzerland 1991 Lenzburg
0%
Scotland 1998 Livingston
0%
Israel 2000 | Israel 2022 Lod
0%
Ireland 2019 Longford
0%
France 1987 Lorient
0%
Spain 1988 Los Santos de Maimona
0%
England 2018 Loughborough
0%
Germany 1997 Lubeck
0%
Germany 1997 Lubtheen
0%
West Germany 1984 Ludwigsburg
0%
Belgium 1995 Maldegem
0%
Portugal 2003 Mangualde
0%
France 1987 Mantes-la-Ville
0%
Spain 1988 Marbella
0%
Germany 2009 Markranstadt
0%
Switzerland 1991 Menzingen
0%
Spain 1988 Merida
0%
Belgium 1995 Meulebeke
0%
Germany 2009 Meuselwitz
0%
Hungary 1985 Mezotur
0%
Germany 1997 Minden
0%
Luxembourg 2006 Mondorf-les-Bains
0%
France 1987 Montataire
0%
France 1987 Montbeliard
0%
Czech Republic 1999 Moravska Trebova
0%
Hungary 1985 Mosonmagyarovar
0%
East Germany 1990 Muhlhausen
0%
Switzerland 1991 Muri
0%
Turkey 1993 Mustafakemalpasa
0%
Denmark 2002 Naestved
0%
Hungary 1985 Nagykanizsa
0%
Israel 2000 Nahariya
0%
Denmark 2002 Nakskov
0%
Portugal 2003 Nelas
0%
Israel 2022 Ness Ziona
0%
Germany 1997 Neukloster
0%
Austria 1996 Neunkirchen
0%
Germany 1997 Neustadt-Glewe
0%
Germany 1997 Nienburg
0%
Slovakia 2013 Nitra
0%
Germany 1997 Norderstedt
0%
East Germany 1990 | Germany 1997 Nordhausen
0%
Denmark 1989 Nyborg
0%
Denmark 2002 Nykobing Falster
0%
Denmark 1989 Odder
0%
Scotland 1998 Paisley
0%
Malta 2014 Paola
0%
Cyprus 1992 | Cyprus 2024 Paralimni
0%
Austria 1996 Persenbeug-Gottsdorf
0%
Austria 1996 Pochlarn
0%
France 1987 Poitiers
0%
Germany 1997 Polz
0%
Italy 2005 Pontedera
0%
Czech Republic 1999 Prostejov
0%
Austria 1996 Purgstall an der Erlauf
0%
France 1987 Quimper
0%
Israel 2000 | Israel 2022 Ramat Gan
0%
Czech Republic 1999 Ratiskovice
0%
France 1987 Redon
0%
Germany 1997 Rendsburg
0%
Switzerland 1991 Renens
0%
Austria 1996 Retz
0%
Israel 2000 | Israel 2022 Rishon LeZion
0%
Denmark 1989 Rodding
0%
Belgium 1995 Roeselare
0%
France 2004 Romorantin
0%
Belgium 2007 Ronse
0%
Denmark 2002 Roskilde
0%
East Germany 1990 Rudolstadt
0%
East Germany 1990 Ruhla
0%
France 1987 Saint-Brieuc
0%
France 2004 Saint-Cyr-sur-Loire
0%
France 1987 Saint-Nazaire
0%
France 1987 Saint-Ouen-sur-Seine
0%
Germany 2009 Sandersdorf
0%
Italy 2005 San Giuliano Terme
0%
Portugal 2003 Santa Comba Dao
0%
Italy 2005 Santa Croce sull'Arno
0%
Italy 2005 Santa Maria a Monte
0%
Portugal 2003 Santa Maria de Penaguiao
0%
Spain 1988 Santa Pola
0%
Spain 1988 Santurtzi
0%
Czech Republic 1999 Sardice
0%
Austria 1996 Scheibbs
0%
Austria 1996 Scheiblingkirchen-Thernberg
0%
Germany 1997 Schonberg
0%
Austria 1996 Schrems
0%
Germany 1997 Schwerin
0%
Italy 1982 Senigallia
0%
Belgium 1995 Seraing
0%
Spain 1988 Sestao
0%
Austria 1996 Sierndorf
0%
Denmark 1989 Silkeborg
0%
Denmark 2002 Slagelse
0%
Bulgaria 2015 Sliven
0%
Czech Republic 1999 Slusovice
0%
Serbia 2011 Smederevo
0%
East Germany 1990 Sommerda
0%
Denmark 1989 Sonder Omme
0%
East Germany 1990 Sondershausen
0%
Bulgaria 2015 Sozopol
0%
Denmark 1989 Spjald
0%
Bulgaria 2015 Stara Zagora
0%
Czech Republic 1999 Stare Mesto
0%
Austria 1996 Stockerau
0%
Austria 1996 St. Polten
0%
Switzerland 1991 Sursee
0%
Denmark 1989 Svendborg
0%
Hungary 1985 Szeged
0%
Hungary 1985 Szolnok
0%
East Germany 1990 Tambach-Dietharz
0%
Malta 2014 Ta'Qali
0%
Germany 2009 Taucha
0%
Hungary 2023 Telki
0%
Germany 1997 Thale
0%
France 1987 Thouars
0%
Denmark 1989 Thuro
0%
Ireland 1994 Tipperary
0%
Belgium 1995 Tongeren
0%
Germany 2009 Torgau
0%
Belgium 2007 Tournai
0%
Czech Republic 1999 Trebic
0%
Greece 1986 Trikala
0%
Belgium 2007 Tubize
0%
Austria 1996 Tulln an der Donau
0%
West Germany 1984 Ulm
0%
Czech Republic 1999 Unicov
0%
Denmark 1989 Vadre
0%
France 1987 Vagney
0%
Spain 1988 Valdemoro
0%
France 1987 Vannes
0%
Croatia 2017 Varazdin
0%
Denmark 1989 Vejen
0%
Denmark 1989 Vejle
0%
Croatia 2017 Velika Gorica
0%
Belgium 1995 | Belgium 2007 Verviers
0%
Switzerland 1991 Vevey
0%
Portugal 2003 Vila Real
0%
Denmark 1989 Vildbjerg
0%
Belgium 2007 Vise
0%
Portugal 2003 Viseu
0%
France 1987 Vittel
0%
Germany 1997 Vohrum
0%
Czech Republic 1999 Vranovice
0%
England 2018 Walsall
0%
East Germany 1990 Weida
0%
East Germany 1990 Weimar
0%
Switzerland 1991 Weinfelden
0%
Germany 1997 Wernigerode
0%
Switzerland 1991 Wettingen
0%
Austria 1996 Wiener Neustadt
0%
Switzerland 1991 Wil
0%
England 2001 Worksop
0%
Austria 1996 Wurmla
0%
Malta 2014 Xewkija
0%
Austria 1996 Ybbs an der Donau
0%
Switzerland 1991 Yverdon-les-Bains
0%
Hungary 1985 Zalaegerszeg
0%
Croatia 2017 Zapresic
0%
Austria 1996 Zellerndorf
0%
East Germany 1990 Zeulenroda-Triebes
0%
Austria 1996 Ziersdorf
0%
Slovakia 2013 Zlate Moravce
0%
Czech Republic 1999 Zlin
0%
Switzerland 1991 Zofingen
0%
Austria 1996 Zwettl
0%
No matching quizzes found
Score Distribution
Percent of People with Each Score
Percentile by Number Answered
Your Score History
You have not taken this quiz